000 00613nmm a2200205Ia 4500
008 251105s9999||||xx |||||||||||||||||und||
020 _a9788498957501
041 _aspa
100 _aMargarit, Joan
245 0 _aLlegas tarde a tu tiempo :
_b Poesía 1999 - 2002 (Estación de Francia y Joana)
264 _a[Madrid, España] :
_bVisor Libros,
_c2010
300 _a338 páginas
490 _aVisor de Poesía
650 _aSpanish poetry
700 _aMargarit, Joan
700 1 _a Margarit, Joan
700 1 _a Margarit, Joan
856 _uhttps://public.digitaliapublishing.com/a/41323
942 _cCF
999 _c68311
_d68311